Creta
Saved in:
| Hovedforfatter: | |
|---|---|
| Format: | Bog |
| Sprog: | spansk |
| Udgivet: |
Barcelona
Juventud
1975
|
| Fag: | |
| Tags: |
Tilføj Tag
Ingen Tags, Vær først til at tagge denne postø!
|
MARC
| LEADER | 00000nam a2200000 a 4500 | ||
|---|---|---|---|
| 001 | UCX6289 | ||
| 003 | CL-VaPUC | ||
| 008 | 930511e19750000SP |||||||||||||||||spa|d | ||
| 082 | 0 | 4 | |a 939.18 |b PLA |2 21 |
| 100 | 0 | |a Platón, Nicolás |e author |9 322710 | |
| 245 | 1 | 0 | |a Creta |
| 300 | |a 241 p | ||
| 942 | |c BK | ||
| 945 | |d 19930511 00:00:00 | ||
| 260 | |a Barcelona |b Juventud |c 1975 | ||
| 650 | 0 | |a Historia antigua |9 267521 | |
| 651 | 7 | |a CRETA |2 CL-VaPUC |9 266769 | |
| 651 | 0 | |a Grecia |9 265314 | |
| 583 | |a last modification |c 19930511 00:00:00 |k Rodrigo Vera | ||
| 999 | |c 226327 |d 226325 | ||
| 952 | |0 0 |1 0 |4 0 |6 939_180000000000000_PLA_1975 |7 0 |8 A |9 224601 |a BIBHIS |b BIBHIS |d 2019-11-15 |i 2933772 |l 2 |o 939.18 PLA 1975 |p 2933772 |r 2025-01-20 |s 2023-06-29 |w 2019-11-15 |y BK |k HIS | ||
| 952 | |0 0 |1 0 |4 0 |6 939_180000000000000_PLA_1975 |7 0 |8 A |9 224602 |a BIBART |b BIBART |d 2019-11-15 |i 1204289 |o 939.18 PLA 1975 |p 1204289 |r 2025-03-13 |w 2019-11-15 |y BK |k ART | ||